00257nam a2200109Ia 4500100001900000366000700019245006500026260002800091082000800119300000800127546001200135 aNarayanan/V.K  f25 aManaging technology and innovation for competitive advantage bPearson Educationc2001 bNAR a510 aENGLISH